000 03244cam a22004215i 4500
001 18462067
005 20220326193332.0
008 140829s2014 pe 000 0 spa
010 _a 2014422971
020 _a9789972718397
020 _a9972718395
035 _a(CVcHKB)hkb20010103900
040 _aDLC
_beng
_cDLC
_erda
041 0 _aspa
_aeng
042 _apcc
082 _a708
_bZ631c
100 1 _aZevallos, Sergio,
_eartist.
_93241
245 1 3 _aUn cuerpo ambulante :
_bSergio Zevallos en el Grupo Chaclacayo (1982-1994) = A wandering body : Sergio Zevallos in the Grupo Chaclacayo (1982-1994) /
_c[curaduría : Miguel A. López].
246 3 0 _aSergio Zevallos en el Grupo Chaclacayo (1982-1994)
246 3 1 _aWandering body :
_bSergio Zevallos in the Grupo Chaclacayo (1982-1994)
300 _a158, (160) págs. :
_b ill. (col.) ;
_c24 cm
500 _a"Museo de Arte de Lima-MALI, 16 de noviembre de 2013- 23 de marzo de 2014. Centro Cultural de España-Lima, 16 de noviembre de 2013-19 de enero de 2014.Wüttembergischer Kunstverein Stuttgart, Alemania, 18 de octubre de 2014-11 de enero de 2015" --Verso T.p.
504 _aIncludes bibliographical references (pages 152-156).
505 8 _aExorcismos tóxicos: Sergio Zevallos en el Grupo Chaclacayo = Toxic exorcisms: Sergio Zevallos in the Grupo Chaclacayo -- La frialdad del éxtasis = Cold ecstacy / Fernanda Carvajal -- Hacer el amor con el cuerpo de la necro poltica: la prctica artstica del Grupo Chaclacayo en el límite de la soberanía = Making love to the necropolitical body: the artistic practice of the Grupo Chaclacayo in the limits of sovereignty / Beatriz Preciado -- Guerra, intimidad y deseo distante. Conversación sobre el Grupo Chaclacayo, antes y después = War, intimacy and distant desire. Conversation with Grupo Chaclacayo, before and after -- Documentos (artículos y prensa) = Documents (articles and press clippings).
520 _aExhibition catalogue comprising a large set of drawings, collages, musical scores, photographs and videos, many of them unpublished. The exhibition follows the work of Sergio Zevallos (b. Lima, 1962) produced as part of his experience in Grupo Chaclacayo, along with German artist Helmut Psotta and Peruvian artist Raúl Avellaneda. This artistic collective was pioneer in Peruvian art performance and one of the most active during the 1980's in the country, developing a visceral and provocative work that responded to the crimes and violence of the armed conflict, but also socially ingrained sexual and racial discrimination.
546 _aIn Spanish and English.
600 1 0 _aZevallos, Sergio
_vExhibitions.
_93242
600 1 0 _aZevallos, Sergio
_vExhibiciones
_93243
610 2 0 _aGrupo Chaclacayo
_vExhibitions.
_93244
650 0 _aPerformance art
_vExhibitions.
_zPerú
_93245
650 0 _aArt, Modern
_y21st century
_vExhibitions.
_9442
650 0 _aGrupo Chaclacayo
_vExhibiciones
_zPerú
_93246
650 0 _aPerformance (Arte)
_vExhibiciones
_zPerú
_93247
700 1 _aLópez, Miguel Ángel,
_eeditor of compilation,
_ecurador.
_93248
710 2 _aMuseo de Arte de Lima,
_ehost institution.
_93249
906 _a0
_bibc
_corigres
_d3
_encip
_f20
_gy-gencatlg
999 _c713
_d713